000
00272nam a2200109Ia 4500
008
200302s9999 xx 000 0 und d
100
_a
Barry A. Richardson
245
_a
Defects and Deterioration in Buildings
260
_b
E. & F. N. Spon
260
_c
1991
300
_a
184 P.,
999
_c
742
_d
742